The design of the unix operating system (Record no. 4990)

MARC details
000 -LEADER
fixed length control field 00422nam a2200157Ia 4500
003 - CONTROL NUMBER IDENTIFIER
control field SGT
020 ## - INTERNATIONAL STANDARD BOOK NUMBER
International Standard Book Number 9788177587708
082 ## - DEWEY DECIMAL CLASSIFICATION NUMBER
Classification number 5.43
Item number BAC
100 ## - MAIN ENTRY--PERSONAL NAME
Personal name Bach,Maurice J
245 #4 - TITLE STATEMENT
Title The design of the unix operating system
260 ## - PUBLICATION, DISTRIBUTION, ETC. (IMPRINT)
Name of publisher, distributor, etc Pearson
Place of publication, distribution, etc N.Delhi
Year of Publication 1986
300 ## - PAGE DESCRIPTION
No. of Pages 471p.
650 ## - SUBJECT ADDED ENTRY--TOPICAL TERM
Topical term or geographic name as entry element COMPUTER SCIENCE
653 ## - KEYWORDS--INDEX TERM
Keyword term GENRAL OVERVIEW OF THE SYSTEM,INTRODUCTION TO THE KERNEL,THE BUFFER CACHE
942 ## - ADDED ENTRY ELEMENTS (KOHA)
Source of classification or shelving scheme Dewey Decimal Classification
Koha item type Books
Holdings
Withdrawn status Lost status Source of classification or shelving scheme Damaged status Not for loan Home library Current library Date acquired SGTU Total Checkouts Full call number Accession No. (Barcode) Date last seen Bill Date Koha item type Date last borrowed
    Dewey Decimal Classification     SGT Engineering Library SGT Engineering Library 14/05/2010 SGTU   5.43 BAC FE2183 09/02/2015 09/02/2015 Books  
    Dewey Decimal Classification     SGT Engineering Library SGT Engineering Library 14/05/2010 SGTU   5.43 BAC FE2184 09/02/2015 09/02/2015 Books  
    Dewey Decimal Classification     SGT Engineering Library SGT Engineering Library 14/05/2010 SGTU   5.43 BAC FE2185 09/02/2015 09/02/2015 Books  
    Dewey Decimal Classification     SGT Engineering Library SGT Engineering Library 14/05/2010 SGTU   5.43 BAC FE2186 09/02/2015 09/02/2015 Books  
    Dewey Decimal Classification     SGT Engineering Library SGT Engineering Library 14/05/2010 SGTU 1 5.43 BAC FE2187 16/09/2021 09/02/2015 Books 21/01/2020
    Dewey Decimal Classification     SGT Engineering Library SGT Engineering Library 06/09/2012 SGTU   5.43 BAC FE5494 09/02/2015 09/02/2015 Books  
    Dewey Decimal Classification     SGT Engineering Library SGT Engineering Library 06/09/2012 SGTU   5.43 BAC FE5495 09/02/2015 09/02/2015 Books